000 00633nam a22002297a 4500
003 URS
005 20250828100451.0
008 250317b ||||| |||| 00| 0 eng d
040 _cURS
050 _aHD58.7
_b.O66 1986
100 _911256
_aOrgan, Dennis W.
245 _aOrganizational Behavior
_bAn Applied Psychological Approach
250 _a3rd Edition
264 _c©1986
336 _2rdacontent
_atext
337 _2rdamedia
_aunmediated
338 _2rdacarrier
_avolume
650 0 _91723
_aOrganizational behavior
650 0 _91360
_aPsychology, Industrial
700 1 _93782
_aBateman, Thomas S.
942 _2lcc
_cR
999 _c84650
_d84648